000 00387nam a22001697a 4500
003 SGT
020 _a 9788184739176
082 _a617.6342
_bG17C
100 _aSURESH CHANDERA
245 _aGROSSMAN'S ENDODONTIC PRACTICE
250 _a13TH
260 _aDELHI
_bWOLTERS KLUWER
_c2017
300 _a551
650 _aENDODONTICS
653 _aENDONTIC PRACTICE
942 _2ddc
_cBK
_057
999 _c12105
_d12105